Rouen City Trivia - Statistics

General Stats
  • This quiz has been taken 13 times
  • The average score is 10 of 15
Answer Stats
Clue Answer % Correct
French war heroine who was charged with heresy and executed in Rouen at age 19 Joan of Arc
100%
River that flows through Rouen Seine River
100%
French region that Rouen is located in Normandy
92%
Novelist who wrote "Madame Bovary" and "Salammbô" Gustave Flaubert
83%
Only French city consistently larger than Rouen during the 13th and 14th centuries Paris
83%
Painter of the above (hint: he also founded a famous art movement) Claude Monet
75%
Dramatist and poet who wrote the tragicomedy "Le Cid" Pierre {Corneille}
75%
King of France during the reclamation of the city in 1449 {Charles} VII
67%
Country that occupied Rouen from 1419–1449 England
67%
Bordering commune where the University of Rouen is situated Mont-Saint-{Aignan}
58%
Cathedral that was the tallest building in the world from 1876–1880 Notre-Dame de Rouen
58%
People group that made up 20% of the population in the 1100s Jews
33%
Name of Rouen during the Roman control of Gaul Rotomagus
33%
World-famous author who called Rouen a "city of a hundred bell towers" Victor Hugo
33%
Rouen-born Charles Nicolle proved that these insects transmit typhus by testing monkeys in Tunisia, later earning a Nobel Prize Lice
25%
No matching quizzes found
Score Distribution
Percent of People with Each Score
Percentile by Number Answered
Your Score History
You have not taken this quiz